Learning Resource and Development

Introduction to information technology and computer fundamentals / (Record no. 26147)

MARC details
000 -LEADER
fixed length control field 01215nam a2200277 i 4500
003 - CONTROL NUMBER IDENTIFIER
control field CSPC
005 - DATE AND TIME OF LATEST TRANSACTION
control field 20240216113938.0
008 - FIXED-LENGTH DATA ELEMENTS--GENERAL INFORMATION
fixed length control field 230928s2019 ph a b 000 0 eng d
020 ## - INTERNATIONAL STANDARD BOOK NUMBER
International Standard Book Number 9786214270583
040 ## - CATALOGING SOURCE
Original cataloging agency CSPC
Transcribing agency CSPC
Language of cataloging eng
082 #4 - DEWEY DECIMAL CLASSIFICATION NUMBER
Classification number 004
Item number B465i
100 1# - MAIN ENTRY--PERSONAL NAME
Personal name Besueña, Jerelyn S.,
Relator term author.
245 10 - TITLE STATEMENT
Title Introduction to information technology and computer fundamentals /
Statement of responsibility, etc. Jerelyn S. Besueña and Jake R. Pomperada.
264 #1 - PRODUCTION, PUBLICATION, DISTRIBUTION, MANUFACTURE, AND COPYRIGHT NOTICE
Place of production, publication, distribution, manufacture Intramuros, Manila :
Name of producer, publisher, distributor, manufacturer Unlimited Books Library Services and Publishing Inc.,
Date of production, publication, distribution, manufacture, or copyright notice 2019.
300 ## - PHYSICAL DESCRIPTION
Extent x, 208 pages :
Other physical details illustrations ;
Dimensions 25 cm.
336 ## - CONTENT TYPE
Source rdacontent
Content type term text
337 ## - MEDIA TYPE
Source rdamedia
Media type term unmediated
338 ## - CARRIER TYPE
Source rdacarrier
Carrier type term volume
504 ## - BIBLIOGRAPHY, ETC. NOTE
Bibliography, etc. note Includes bibliographical references.
505 0# - FORMATTED CONTENTS NOTE
Formatted contents note What is a computer -- Computer hardware -- Computer software -- Basics of computer networking -- The internet -- Computer security -- Flowchart and algorithm.
650 #0 - SUBJECT ADDED ENTRY--TOPICAL TERM
Topical term or geographic name entry element Computers.
650 #0 - SUBJECT ADDED ENTRY--TOPICAL TERM
Topical term or geographic name entry element Information technology.
700 1# - ADDED ENTRY--PERSONAL NAME
Personal name Pomperada, Jake R.,
Relator term author.
942 ## - ADDED ENTRY ELEMENTS (KOHA)
Source of classification or shelving scheme Dewey Decimal Classification
Koha item type Books
Classification part 004
Call number prefix FIL
Call number suffix 2019
Suppress in OPAC No
Holdings
Withdrawn status Lost status Source of classification or shelving scheme Damaged status Not for loan Home library Current library Shelving location Date acquired Total Checkouts Full call number Barcode Date last seen Copy number Price effective from Koha item type
    Dewey Decimal Classification     Main Library Main Library Filipiniana Section 09/28/2023   FIL 004 B465i 2019 026060 09/28/2023 1-5 09/28/2023 Books
    Dewey Decimal Classification     Main Library Main Library Filipiniana Section 09/28/2023   FIL 004 B465i 2019 026061 09/28/2023 2-5 09/28/2023 Books
    Dewey Decimal Classification     Main Library Main Library Filipiniana Section 02/16/2024   FIL 004 B465i 2019 027192 02/16/2024 3-5 02/16/2024 Books
    Dewey Decimal Classification     Main Library Main Library Filipiniana Section 02/16/2024   FIL 004 B465i 2019 027193 02/16/2024 4-5 02/16/2024 Books
    Dewey Decimal Classification     Main Library Main Library Filipiniana Section 02/16/2024   FIL 004 B465i 2019 027194 02/16/2024 5-5 02/16/2024 Books